00289nam a2200121Ia 45000030006000000080041000060400015000471000034000622450033000962600009001295460012001380050017001500STCL150530s9999 xx 000 0 und d aSTCLcSTCL aWallace; Mary Stegner; Editor aGreat American short stories c1957 aEnglish20220125171342.0